Common scents (Record no. 102082)
[ view plain ]
| 000 -LEADER | |
|---|---|
| fixed length control field | 01435nam a2200337 a 4500 |
| 082 04 - DEWEY DECIMAL CLASSIFICATION NUMBER | |
| Classification number | 823/.809353 |
| 100 1# - MAIN ENTRY--AUTHOR NAME | |
| Personal name | Carlisle, Janice. |
| 245 10 - TITLE STATEMENT | |
| Title | Common scents |
| 260 ## - PUBLICATION, DISTRIBUTION, ETC. (IMPRINT) | |
| Place of publication | Oxford ; |
| -- | New York : |
| Name of publisher | Oxford University Press, |
| Year of publication | 2004. |
| 300 ## - PHYSICAL DESCRIPTION | |
| Number of Pages | viii, 220 p. : |
| Other physical details | ill. |
| 505 0# - FORMATTED CONTENTS NOTE | |
| Formatted contents note | Smelling others -- Melancholic men -- Women of substance -- Treating the melancholic of Our mutual friend. |
| 650 #0 - SUBJECT ADDED ENTRY--TOPICAL TERM | |
| Topical Term | English fiction |
| Topical Term | Odors in literature. |
| Topical Term | Melancholy in literature. |
| Topical Term | Smell in literature. |
| 856 40 - ELECTRONIC LOCATION AND ACCESS | |
| Uniform Resource Identifier | http://site.ebrary.com/lib/rucke/Doc?id=10103629 |
No items available.
